[Event "Budapest FS05 IM"]
[Site "Budapest"]
[Date "1994.??.??"]
[Round "1"]
[White "Vadasz, Laszlo"]
[Black "Hoang Than Trang"]
[Result "1/2-1/2"]
[WhiteElo "2365"]
[BlackElo "2260"]

1.Nf3 d5 2.g3 c6 3.Bg2 Bg4 4.O-O Nf6 5.c4 e6 6.cxd5 exd5 7.d3 Bd6 8.Nc3 O-O
9.Qc2 Nbd7 10.e4 Re8 11.Rb1 Qc7 12.Be3 Bh5 13.Rbc1 Rac8 14.exd5 Bxf3 15.Bxf3 Ne5
16.Bg2 cxd5 17.Qa4 Qe7 18.Bg5 Nxd3 19.Nxd5 Qe6 20.Rxc8 Rxc8 21.Nxf6+ gxf6
22.Be3 Nxb2 23.Qxa7 b5 24.Qb7 Rb8 25.Qc6 Nc4 26.Bd5 Qe8 27.Ba7 Qxc6 28.Bxc6 Rd8
29.Bxb5 Nd2 30.Rd1 Bc5 31.Rxd2 Rxd2 32.Bxc5 Rd5 33.Be7 Rxb5 34.Bxf6 Ra5 35.Kg2 Rxa2
36.Bd4 Ra3 37.h3 Rd3 38.Be3 Kg7 39.g4 Kg6 40.Kf3 Ra3 41.Kg3 h5 42.Kf3 Rb3
43.Kg3 Ra3 44.Kf3 Rb3 45.Kg3 Ra3  1/2-1/2

[Event "Budapest FS12 GM"]
[Site "Budapest"]
[Date "1994.??.??"]
[Round "2"]
[White "Vaulin, Alexander"]
[Black "Gyimesi, Zoltan"]
[Result "1-0"]
[WhiteElo "2550"]
[BlackElo "2430"]

1.g3 d5 2.Nf3 Bg4 3.Bg2 c6 4.c4 e6 5.cxd5 exd5 6.O-O Bd6 7.d3 Nf6 8.Nc3 O-O
9.h3 Bf5 10.Re1 Bc5 11.Qc2 Qc8 12.Bg5 Bxh3 13.Bxf6 gxf6 14.e4 Na6 15.exd5 Nb4
16.Qd2 Nxd5 17.Nxd5 cxd5 18.Rac1 Bg4 19.Nh2 b6 20.d4  1-0

[Event "Budapest Honved"]
[Site "Budapest"]
[Date "1994.??.??"]
[Round "2"]
[White "Maiwald, Jens Uwe"]
[Black "Slobodjan, Roman"]
[Result "1-0"]
[WhiteElo "2445"]
[BlackElo "2490"]

1.Nf3 d5 2.g3 Bg4 3.Bg2 Nd7 4.O-O e6 5.d4 c6 6.Nbd2 f5 7.c4 Ngf6 8.Qb3 Qb6
9.Ng5 Qxb3 10.axb3 Ke7 11.f3 Bh5 12.e4 h6 13.Nh3 g5 14.Nf2 Bg7 15.e5 Nh7
16.b4 Rhd8 17.b3 a6 18.Bb2 Rac8 19.Rfc1 Bg6 20.Bf1 Kf7 21.Nd3 Bf8 22.Kf2 Be7
23.Be2 Rg8 24.Bc3 Bh5 25.Rh1 Nhf8 26.Nf1 Rg7 27.Ne3 Kg8 28.Bd2 Bd8 29.h4 Be8
30.hxg5 hxg5 31.Nc5 Rb8 32.Bd3 Bg6 33.Ke2 Rh7 34.Rxh7 Bxh7 35.Rh1 Bg6 36.Nxd7 Nxd7
37.g4 Nf8 38.gxf5 exf5 39.Bxf5 Be7 40.cxd5 cxd5 41.Nxd5 Bd8 42.Bxg6 Nxg6
43.e6 Kg7 44.Rg1 Bf6 45.f4 Rd8 46.Nxf6 Kxf6 47.Rxg5 Rxd4 48.Ke3 Rxf4 49.Rxg6+ Kxg6
50.Kxf4 Kf6 51.Ke4 Kxe6 52.Bf4  1-0

[Event "Budapest FS05 IM"]
[Site "Budapest"]
[Date "1994.??.??"]
[Round "3"]
[White "Vadasz, Laszlo"]
[Black "Balogh, Bela"]
[Result "1-0"]
[WhiteElo "2365"]
[BlackElo "2235"]

1.Nf3 d5 2.g3 Nf6 3.Bg2 Bf5 4.c4 c6 5.cxd5 Nxd5 6.O-O e6 7.d4 Be7 8.Nbd2 Nb6
9.b3 h6 10.Bb2 O-O 11.e4 Bh7 12.Qe2 N8d7 13.Rfe1 a5 14.a3 Qb8 15.Rad1 Rd8
16.Nc4 Bf8 17.Nfe5 Nxc4 18.Nxd7 Rxd7 19.bxc4 Qc7 20.Rc1 Qb6 21.c5 Qd8 22.Qc4 Bg6
23.Red1 Rc8 24.Bf3 h5 25.h4 b5 26.Qe2 b4 27.axb4 axb4 28.Bxh5 Bxh5 29.Qxh5 Ra8
30.Qe2 Ra2 31.Rb1 Qa5 32.Qc4 Rb7 33.Qb3 Rb8 34.Kg2 Ra4 35.Rbc1 Qb5 36.Rc4 Ra5
37.Rd3 Qb7 38.Rd1 Be7 39.Rb1 Rb5 40.Bc1 e5 41.Be3 exd4 42.Bxd4 Qd7 43.Be3 Qa7
44.h5 Bxc5 45.Rxc5 Rxc5 46.Rc1 Rxc1 47.Bxa7 Rb5 48.h6 Rc3 49.h7+ Kxh7 50.Qxf7 Rg5
51.Qe7  1-0

[Event "Budapest FS10 IM-B"]
[Site "Budapest"]
[Date "1994.??.??"]
[Round "3"]
[White "Urban, Julian"]
[Black "Mihok, Laszlo"]
[Result "1/2-1/2"]
[WhiteElo "2235"]
[BlackElo "2270"]

1.Nf3 d5 2.g3 c6 3.Bg2 Bg4 4.d4 Nd7 5.Nbd2 e6 6.O-O Ngf6 7.Re1 Be7 8.e4 dxe4
9.Nxe4 Nxe4 10.Rxe4 Nf6 11.Re1 O-O 12.c3 Qb6 13.Qb3 Bf5 14.Ne5 Rfd8 15.Nc4 Qxb3
16.axb3 Nd5 17.b4 h6 18.Bd2 Bf8 19.Ra3 a6 20.Raa1 Rab8 21.Ne5 f6 22.Nc4 Kf7
23.Bf1 g5 24.Ne3 Bg6 25.Bh3 Re8 26.f4 Rbd8 27.fxg5 Nxe3 28.Bxe3 hxg5 29.Bf1 Kg7
30.Bc4 Bf7 31.Rf1 Bd6 32.Rf2 Rf8 33.Raf1 Bg8 34.Kg2 Rde8 35.h4 gxh4 36.gxh4 Bh7
37.Rg1 Be4+ 38.Kf1+ Kh7 39.Ke2 f5 40.Bf4 Bxf4 41.Rxf4 Rg8 42.Rxg8 Kxg8 43.Bd3 Bxd3+
44.Kxd3 Kf7 45.Kc4 b6 46.Rf1 Kf6 47.Ra1 Ra8 48.Kd3 a5 49.bxa5 bxa5 50.Ke3 a4
51.Kf4 c5 52.dxc5 Rh8 53.Kg3 Rg8+ 54.Kh3 f4 55.c6 e5 56.c7 f3 57.Rf1 Rc8
58.Kg4 Rxc7 59.Kxf3 a3 60.bxa3  1/2-1/2

[Event "Budapest FS03 GM"]
[Site "Budapest"]
[Date "1994.??.??"]
[Round "5"]
[White "Loginov, Valery A"]
[Black "Gyimesi, Zoltan"]
[Result "1-0"]
[WhiteElo "2540"]
[BlackElo "2360"]

1.Nf3 d5 2.g3 c6 3.Bg2 Bg4 4.c4 dxc4 5.Ne5 Be6 6.Na3 Nf6 7.Naxc4 Bd5 8.f3 e6
9.b3 Bxc4 10.Nxc4 Bc5 11.Bb2 Nbd7 12.Rc1 h5 13.e3 Qc7 14.f4 O-O-O 15.a3 h4
16.b4 Bd6 17.Na5 Nd5 18.Qe2 hxg3 19.hxg3 Rxh1+ 20.Bxh1 Kb8 21.e4 Bxf4 22.exd5 Bxg3+
23.Kd1 exd5 24.Bxd5 Ne5 25.Bxe5 Bxe5 26.Bxc6 Rc8 27.Rc5 Bd4 28.Bxb7 Bxc5
29.Bxc8 Bb6 30.Bg4 Bxa5 31.bxa5 Qxa5 32.Qe8+ Kc7 33.Qxf7+ Kd6 34.Qf8+ Ke5
35.Qf5+  1-0

[Event "Budapest FS09 GM"]
[Site "Budapest"]
[Date "1994.??.??"]
[Round "5"]
[White "Loginov, Valery A"]
[Black "Varga, Peter"]
[Result "1-0"]
[WhiteElo "2610"]
[BlackElo "2405"]

1.Nf3 d5 2.g3 c6 3.Bg2 Bg4 4.c4 e6 5.cxd5 exd5 6.d3 Nd7 7.O-O Bd6 8.Qc2 Ne7
9.e4 O-O 10.Nc3 a6 11.Bg5 f6 12.Bd2 Kh8 13.exd5 cxd5 14.h3 Bh5 15.Nd4 Bf7
16.Nce2 Rc8 17.Bc3 b5 18.Qd2 Qb6 19.Ba5 Qb7 20.Bb4 Bxb4 21.Qxb4 Ne5 22.Qd2 Qb6
23.a4 N7c6 24.Nxc6 Qxc6 25.Rfc1 Qb7 26.d4 Nc6 27.axb5 axb5 28.Rc5 Nb8 29.Rac1 Na6
30.Rxc8 Rxc8 31.Rxc8+ Qxc8 32.Qa5 Nc7 33.Qb6 h6 34.Qd6 Ne8 35.Qf8+  1-0

[Event "Budapest FS07 GM"]
[Site "Budapest"]
[Date "1994.??.??"]
[Round "6"]
[White "Eriksson, Anders"]
[Black "Lukacs, Peter"]
[Result "0-1"]
[WhiteElo "2315"]
[BlackElo "2485"]

1.Nf3 d5 2.g3 c6 3.Bg2 Nf6 4.O-O Bg4 5.d3 Nbd7 6.Nbd2 e5 7.e4 Bd6 8.h3 Bh5
9.a3 a5 10.Qe1 O-O 11.Nh4 Re8 12.Nf5 Bf8 13.b3 Qc7 14.Bb2 Rad8 15.Qe3 h6
16.g4 Bg6 17.Qf3 Bxf5 18.Qxf5 Bc5 19.Rae1 Qd6 20.exd5 cxd5 21.a4 Ba7 22.Re2 Bb8
23.Rfe1 Qb4 24.Nf1 Re6 25.Qf3 Rde8 26.Qe3 Nf8 27.Qd2 Qb6 28.Ne3 Qd8 29.c4 d4
30.Nd5 Ng6 31.f4 Nxf4 32.Nxf4 exf4 33.Bxb7 Re3 34.Rxe3 fxe3 35.Qg2 Qd6 36.Re2 Re7
37.Bc6 Ba7 38.Bb5 Qb4 39.h4 Qxb3 40.g5 hxg5 41.hxg5 Nh5  0-1

[Event "Budapest Spring op"]
[Site "Budapest"]
[Date "1994.??.??"]
[Round "6"]
[White "Loginov, Valery A"]
[Black "Monin, Nikolay"]
[Result "1-0"]
[WhiteElo "2540"]
[BlackElo "2390"]

1.Nf3 d5 2.g3 c5 3.Bg2 Nc6 4.d4 e6 5.O-O Nf6 6.c4 Be7 7.cxd5 exd5 8.Nc3 O-O
9.Bg5 c4 10.Ne5 Be6 11.Nxc6 bxc6 12.b3 Qa5 13.Qd2 Bb4 14.Bxf6 gxf6 15.Rfc1 Rac8
16.bxc4 dxc4 17.a3 Bxc3 18.Rxc3 Rfd8 19.Rac1 Rd6 20.Qf4 Rcd8 21.e3 Kg7 22.h4 c5
23.d5 Bxd5 24.Bxd5 Rxd5 25.Qxc4 Qb6 26.Qg4+ Kh8 27.Qf3 f5 28.e4 fxe4 29.Qxf7 Qd6
30.Rxc5 Rxc5 31.Rxc5 Qxc5 32.Qf6+ Kg8 33.Qxd8+ Kf7 34.Qd7+ Kf6 35.Qxh7 Qxa3
36.Qxe4 a5 37.h5 a4 38.Qg6+ Ke7 39.Qg7+ Ke6 40.Kg2 Qb3 41.h6 Qd5+ 42.f3  1-0

[Event "Budapest FS03 IM-A"]
[Site "Budapest"]
[Date "1994.??.??"]
[Round "6"]
[White "Vojinovic, Goran"]
[Black "Reiter, Markus"]
[Result "1-0"]
[WhiteElo "2420"]
[BlackElo "2270"]

1.Nf3 d5 2.g3 c6 3.Bg2 Nf6 4.O-O Bg4 5.c4 Bxf3 6.Bxf3 e6 7.b3 Nbd7 8.Bb2 Bd6
9.d4 O-O 10.Nd2 Re8 11.Bg2 e5 12.cxd5 cxd5 13.e4 dxe4 14.Nxe4 Nxe4 15.Bxe4 Rb8
16.Qf3 b6 17.Rad1 Qe7 18.Rfe1 g6 19.Bc6 Rbd8 20.dxe5 Bb4 21.Re4 Bc5 22.b4 Bxb4
23.Rxd7  1-0

[Event "Elekes mem"]
[Site "Budapest"]
[Date "1994.??.??"]
[Round "7"]
[White "Kolbus, Dietmar"]
[Black "Izsak, Gyula"]
[Result "1/2-1/2"]
[WhiteElo "2365"]
[BlackElo "2365"]

1.Nf3 d5 2.g3 e6 3.Bg2 Nf6 4.O-O c5 5.c4 Be7 6.cxd5 Nxd5 7.Nc3 Nc6 8.d3 O-O
9.Bd2 b6 10.Rc1 Bb7 11.Qa4 Bf6 12.Ne4 Be7 13.Rfd1 Rc8 14.a3 h6 15.Nc3 Qd7
16.d4 cxd4 17.Nxd4 Rcd8 18.Nxd5 Nxd4 19.Qxd7 Rxd7 20.Nxe7+ Rxe7 21.Bf1 Nb3
22.Bb4 Nxc1 23.Bxe7 Rc8 24.Rd7 Bd5 25.f3 Bc4 26.Rd2 Bb5 27.Kf2 Rc7 28.Bd6 Rc6
29.Be5 Nb3 30.Rd8+ Kh7 31.Bc3 Rc7 32.Bg2 Nc5 33.Be5 Rd7 34.Rxd7 Nxd7 35.Bc7 Bc6
36.Bf1 Bb5 37.Bg2 Bc6 38.Bf1 Bb5 39.f4 Bc6 40.e3 Kg8 41.Bd6 Bb7 42.Ke1 Nf6
43.Bb8 a6 44.Bc7 Nd5 45.Bg2 Nxc7 46.Bxb7 Kf8 47.Kd2 Ke7 48.Kd3 Kd6 49.Kc4 a5
50.b4 axb4 51.axb4 Kd7  1/2-1/2

[Event "Budapest FS02 GM"]
[Site "Budapest"]
[Date "1994.??.??"]
[Round "7"]
[White "Loginov, Valery A"]
[Black "Gabriel, Christian"]
[Result "1/2-1/2"]
[WhiteElo "2540"]
[BlackElo "2530"]

1.Nf3 d5 2.g3 c5 3.Bg2 Nc6 4.d4 Nf6 5.O-O e6 6.c4 Be7 7.cxd5 exd5 8.Nc3 O-O
9.Bg5 cxd4 10.Nxd4 h6 11.Be3 Re8 12.Qc2 Bf8 13.Rad1 Bg4 14.h3 Bd7 15.Nxc6 bxc6
16.Bd4 Nh7 17.Na4 Ng5 18.h4 Ne4 19.e3 Qa5 20.b3 Rac8 21.Nc3 Nd6 22.Na4 Ne4
23.Nc3 Nd6 24.Na4 Ne4  1/2-1/2

[Event "Budapest FS03 GM"]
[Site "Budapest"]
[Date "1994.??.??"]
[Round "7"]
[White "Loginov, Valery A"]
[Black "Margolin, Boris"]
[Result "1-0"]
[WhiteElo "2540"]
[BlackElo "2385"]

1.Nf3 d5 2.g3 c6 3.Bg2 Nf6 4.O-O Bf5 5.c4 e6 6.d3 h6 7.Be3 dxc4 8.dxc4 Qxd1
9.Rxd1 Nbd7 10.Nc3 Be7 11.Rac1 O-O 12.Nd4 Nb6 13.Nxf5 exf5 14.b3 Rfd8 15.c5 Nbd7
16.b4 Nf8 17.b5 Rxd1+ 18.Nxd1 Rc8 19.bxc6 bxc6 20.Nb2 Ne6 21.Nd3 Kf8 22.Ne5 Nd5
23.Bxd5 cxd5 24.Rd1 Ke8 25.Rxd5 Bxc5 26.Nc4 Rc6 27.Bxc5 Rxc5 28.Nd6+ Ke7
29.Nxf5+ Kf6 30.Rxc5 Nxc5 31.Nd4 a6 32.f4 Ne4 33.Kg2 Nc3 34.a3 Ke7 35.Kf3 Nb1
36.a4 Nc3 37.a5 Kd7 38.Ke3 g6 39.Kd3 Nd5 40.e4 Nf6 41.Nf3 Ke6 42.Kd4 Ng4
43.Kc5 Nf2 44.Nd2  1-0

[Event "Budapest FS04 IM (Women)"]
[Site "Budapest"]
[Date "1994.??.??"]
[Round "8"]
[White "Hallerova, Eva"]
[Black "Velvart, Peterne"]
[Result "0-1"]
[WhiteElo "2225"]
[BlackElo "2205"]

1.Nf3 d5 2.g3 c5 3.Bg2 g6 4.d3 Bg7 5.O-O e6 6.c4 Ne7 7.Nbd2 O-O 8.Rb1 Nbc6
9.a3 a5 10.cxd5 exd5 11.Qc2 b6 12.b3 Ra7 13.Bb2 d4 14.Rfe1 Be6 15.e4 dxe3
16.fxe3 Bxb2 17.Rxb2 Rd7 18.Bf1 Bf5 19.e4 Bg4 20.h3 Bxf3 21.Nxf3 Nd4 22.Qf2 Nxf3+
23.Qxf3 Rd4 24.Qf6 Qc7 25.Kh2 Nc6 26.e5 Nd8 27.h4 Re8 28.h5 Re6 29.Qg5 f6
30.Qd2 Rxe5 31.hxg6 hxg6 32.Rxe5 Qxe5 33.Qf2 Ne6 34.Re2 Qh5+ 35.Kg1 Kf7 36.Qe3 Qd5
37.Bh3 f5 38.Bg2 Qxb3 39.Qe5 Rxd3 40.g4 Rd1+ 41.Kh2 Rd4 42.Re3 Qc4 43.Rh3 Ng5
44.Qc7+ Kg8 45.Qc8+ Kg7 46.Rh8 Qf7 47.Qb8 Ne4 48.Qe5+ Qf6 49.Qe8 Qd6+ 50.Kg1 Rd1+  0-1

[Event "Budapest Spring op"]
[Site "Budapest"]
[Date "1994.??.??"]
[Round "8"]
[White "Szilardfy, Gyula"]
[Black "Rovid, Kalman"]
[Result "0-1"]
[WhiteElo "2240"]
[BlackElo "2350"]

1.g3 d5 2.Nf3 c5 3.Bg2 Nc6 4.O-O e6 5.d3 Bd6 6.Nbd2 Nge7 7.e4 O-O 8.b3 Qc7
9.Bb2 d4 10.Nc4 e5 11.c3 f6 12.cxd4 cxd4 13.a3 Be6 14.Nfd2 Qd7 15.Nxd6 Qxd6
16.b4 b5 17.Nb3 a5 18.bxa5 Nxa5 19.Nxa5 Rxa5 20.Qd2 Nc6 21.Rfc1 Ra6 22.Bf3 Rfa8
23.Bd1 b4 24.axb4 Qxb4 25.Qe2 Rxa1 26.Bxa1 Ra2 27.Qf1 Na5 28.Bc2 Qa3 29.Kg2 h6
30.Qd1 Kh7 31.Rb1 Nc6 32.h4 Nb4 33.Bb3 Bxb3 34.Qxb3 Nxd3 35.Qe6 Rxf2+ 36.Kh3 Nf4+  0-1

[Event "Papp Bela mem"]
[Site "Budapest"]
[Date "1994.??.??"]
[Round "8"]
[White "Kahn, Evarth"]
[Black "Schlusnik, Nandor"]
[Result "1-0"]
[WhiteElo "2325"]
[BlackElo "2105"]

1.Nf3 d5 2.g3 c6 3.Bg2 g6 4.O-O Bg7 5.d3 Nf6 6.Nbd2 O-O 7.e4 dxe4 8.dxe4 Na6
9.e5 Nd5 10.a3 Nc5 11.Qe2 Bf5 12.Qc4 Nd7 13.Re1 a5 14.Qh4 e6 15.Qxd8 Rfxd8
16.c4 N5b6 17.h3 Nc5 18.g4 Bd3 19.b3 a4 20.bxa4 Rxa4 21.Bf1 Bxf1 22.Rxf1 Nxc4
23.Nxc4 Rxc4 24.Be3 Rd3 25.Rfd1 Bf8 26.Rxd3 Nxd3 27.Rd1 Nb2 28.Rd8 Kg7 29.Bg5  1-0

[Event "Budapest FS10 IM-A"]
[Site "Budapest"]
[Date "1994.??.??"]
[Round "9"]
[White "Allen, Andrew"]
[Black "Schnelzer, Reinhard"]
[Result "1/2-1/2"]
[WhiteElo "2275"]
[BlackElo "2285"]

1.Nf3 d5 2.g3 c6 3.Bg2 Bf5 4.O-O Nf6 5.d3 h6 6.Nbd2 e6 7.Qe1 Be7 8.e4 Bh7
9.h3 O-O 10.Qe2 a5 11.Re1 a4 12.Rb1 b5 13.Ne5 Qb6 14.Nf1 Rd8 15.Bf4 Nbd7
16.Nh2 Nxe5 17.Bxe5 dxe4 18.dxe4 Nd7 19.Bf4 e5 20.Be3 Bc5 21.Ng4 Qc7 22.Rbd1 Bxe3
23.Nxe3 Nc5 24.Nf5 Ne6 25.c3 Kf8 26.h4 Bg8 27.Bh3 f6 28.Qe3 Bf7 29.Bg4 Kg8
30.Kg2 Nf8 31.a3 Bb3 32.Rxd8 Rxd8 33.Kh3 Ne6 34.Kg2 Kf8 35.Bf3 Kg8 36.Bg4 Kf8
37.Bf3 Kg8 38.Bg4  1/2-1/2

[Event "Budapest FS05 IM"]
[Site "Budapest"]
[Date "1994.??.??"]
[Round "11"]
[White "Piankov, Evgenij"]
[Black "Pikler, Tamas"]
[Result "1-0"]
[WhiteElo "2440"]
[BlackElo "2210"]

1.Nf3 d5 2.g3 c6 3.Bg2 Bf5 4.d3 e6 5.O-O Nf6 6.Nbd2 h6 7.Rb1 a5 8.c4 Be7
9.a3 O-O 10.b4 axb4 11.axb4 Nbd7 12.b5 Bh7 13.Bb2 Qc7 14.Ra1 Rfc8 15.Qb1 Qd8
16.Rc1 Rxa1 17.Bxa1 Nc5 18.Ne5 Nfd7 19.Qc2 Nxe5 20.Bxe5 Nd7 21.Ba1 Ra8 22.h4 Nc5
23.Bd4 Nd7 24.Qb2 f6 25.bxc6 Ba3 26.Qc2 Bxc1 27.cxb7 Rb8 28.Qxc1 Rxb7 29.cxd5 Rc7
30.Qa3 exd5 31.Bxd5+ Kh8 32.Nc4 Nc5 33.e4 Nxe4 34.Ne3 Nd6 35.Bb6 Bg8 36.Bxc7 Qxc7
37.Qa8 Nf7 38.d4 Qd8 39.Qxd8 Nxd8 40.Bxg8 Kxg8 41.h5 Nc6 42.d5 Nd4 43.Kf1 Kf7
44.Ke1 f5 45.Kd2 Kf6 46.Kd3 Nb5 47.Kc4 Nd6+ 48.Kd4 Ne4 49.Nd1 Ng5 50.Kc5 Ne4+
51.Kc6 Kg5 52.d6 Nf6 53.Ne3 Kxh5 54.Nd5 Ng4 55.f4  1-0

[Event "Budapest FS04 IM-B"]
[Site "Budapest"]
[Date "1994.??.??"]
[Round "11"]
[White "Vadasz, Laszlo"]
[Black "Jonkman, Harmen"]
[Result "1/2-1/2"]
[WhiteElo "2365"]
[BlackElo "2340"]

1.Nf3 d5 2.g3 Nf6 3.Bg2 e6 4.O-O Be7 5.d4 O-O 6.c4 dxc4 7.Qc2 a6 8.Qxc4 b5
9.Qc2 Bb7 10.Bf4 Nc6 11.Rd1 Nb4 12.Qc1 Nbd5 13.Nc3 Nxf4 14.Qxf4 Qd6 15.Ne5 Bxg2
16.Kxg2 Rac8 17.Nd3 Qb6 18.e3  1/2-1/2

[Event "Budapest FS06 GM"]
[Site "Budapest"]
[Date "1994.??.??"]
[Round "11"]
[White "Loginov, Valery A"]
[Black "Pavasovic, Dusko"]
[Result "1-0"]
[WhiteElo "2540"]
[BlackElo "2320"]

1.Nf3 d5 2.g3 Bg4 3.Bg2 Nd7 4.c4 c6 5.cxd5 cxd5 6.Nc3 e6 7.Qa4 Bxf3 8.Bxf3 Nf6
9.e4 d4 10.Qxd4 Bc5 11.Qa4 O-O 12.d4 Nb6 13.Qb3 Bxd4 14.O-O Nfd7 15.Nb5 Bc5
16.Bf4 e5 17.Bd2 a6 18.Nc3 Qe7 19.Rfd1 Nb8 20.Nd5 Nxd5 21.exd5 Nd7 22.d6 Bxd6
23.Qxb7 Rab8 24.Qxa6 e4 25.Bc3 Rb6 26.Qe2 f5 27.Bg2 Nc5 28.Qc4+ Kh8 29.Qd4 f4
30.Bxe4 Nxe4 31.Re1 fxg3 32.hxg3 Bc5 33.Rxe4 Qc7 34.Rf4 Rbf6 35.Qe5 Bxf2+
36.Kg2 Qxe5 37.Bxe5 Rxf4 38.gxf4 Bh4 39.Rc1 Kg8 40.Rc6 Rd8 41.Kh3 Be7 42.Rc7 Bf6
43.Bxf6 gxf6 44.a4 Rd4 45.a5 Ra4 46.b4  1-0

[Event "Budapest FS02 GM"]
[Site "Budapest"]
[Date "1994.??.??"]
[Round "11"]
[White "Loginov, Valery A"]
[Black "Vajda, Albert"]
[Result "1-0"]
[WhiteElo "2540"]
[BlackElo "2400"]

1.Nf3 d5 2.g3 e6 3.Bg2 c5 4.O-O Nf6 5.d3 Be7 6.Nbd2 Nc6 7.e4 O-O 8.Re1 Re8
9.c3 b6 10.e5 Nd7 11.Nf1 Ba6 12.h4 Qc7 13.Bf4 Nf8 14.h5 h6 15.N1h2 b5 16.Ng4 Nh7
17.a3 Qb6 18.Bf1 b4 19.axb4 cxb4 20.Be3 Qb7 21.c4 dxc4 22.dxc4 Qc8 23.Qb1 Nf8
24.Qe4 Bb7 25.Nxh6+ gxh6 26.Qg4+ Bg5 27.Bxg5 hxg5 28.Qxg5+  1-0

[Event "ARG-ch"]
[Site "Buenos Aires"]
[Date "1994.??.??"]
[Round "4"]
[White "Slipak, Sergio"]
[Black "Reides, Marcelo"]
[Result "1-0"]
[WhiteElo "2460"]
[BlackElo "2325"]

1.Nf3 d5 2.g3 Nf6 3.Bg2 c6 4.O-O Bg4 5.b3 Nbd7 6.Bb2 e6 7.c4 Bd6 8.d4 Bxf3
9.Bxf3 O-O 10.Nc3 Qe7 11.Qc2 Rfe8 12.e4 dxe4 13.Nxe4 Nxe4 14.Bxe4 Nf6 15.Bg2 Ba3
16.Rad1 Bxb2 17.Qxb2 a5 18.a3 Qd6 19.Rfe1 Red8 20.Bf3 Rab8 21.Re5 b5 22.Rc5 Rb6
23.Qc3 b4 24.Qa1 a4 25.Ra5 Qb8 26.Rxa4 bxa3 27.Rxa3 Rxb3 28.Bxc6 Rxa3 29.Qxa3 Qb6
30.Bf3 h5 31.Qe3 Ng4 32.Qe4 Qb3 33.c5 e5 34.c6 exd4 35.c7 Rc8 36.Rxd4 Qb6
37.Bxg4 hxg4 38.Rd7 f5 39.Qxf5  1-0

[Event "Buenos Aires PRENAJ"]
[Site "Buenos Aires"]
[Date "1994.??.??"]
[Round "6"]
[White "Soppe, Guillermo"]
[Black "Auciello, Sergio"]
[Result "1/2-1/2"]
[WhiteElo "2430"]
[BlackElo "2355"]

1.g3 d5 2.Nf3 c6 3.Bg2 Bf5 4.O-O e6 5.b3 h6 6.Bb2 Nf6 7.c4 Nbd7 8.d3 Bc5
9.Qc2 O-O 10.Bc3 Qe7 11.Qb2 Bb4 12.Bxb4 Qxb4 13.Nbd2 Rfe8 14.Rfc1 Bg4 15.Nf1  1/2-1/2

[Event "Buenos Aires GP1"]
[Site "Buenos Aires"]
[Date "1994.??.??"]
[Round "6"]
[White "Fiorito, Fabian"]
[Black "Roman, Facundo"]
[Result "0-1"]
[WhiteElo "2455"]
[BlackElo "2310"]

1.Nf3 d5 2.g3 c6 3.Bg2 Bg4 4.O-O Nd7 5.d3 Ngf6 6.Qe1 e5 7.e4 Bd6 8.exd5 cxd5
9.Nxe5 Nxe5 10.d4 Qe7 11.dxe5 Bxe5 12.Nc3 Rc8 13.Bg5 Bxc3 14.bxc3 Qxe1 15.Rfxe1+ Kd7
16.Bxf6 gxf6 17.Bxd5 Rxc3 18.Bxb7 Rxc2 19.Bd5 Be6 20.Rad1 Ke7 21.Bb3 Rc5
22.Rd4 Rhc8 23.Kg2  0-1

[Event "Buenos Aires GP1"]
[Site "Buenos Aires"]
[Date "1994.??.??"]
[Round "7"]
[White "Robledo, Nestor Daniel"]
[Black "Hernandez Penna, Sabina"]
[Result "1-0"]
[WhiteElo "2305"]
[BlackElo "2060"]

1.Nf3 d5 2.g3 Bf5 3.Bg2 e6 4.d3 Nf6 5.Nbd2 h6 6.O-O Be7 7.b3 O-O 8.Bb2 Nbd7
9.Ne5 Nxe5 10.Bxe5 c6 11.e4 Bh7 12.Bb2 Nd7 13.Qe2 Bf6 14.e5 Be7 15.f4 a5
16.Nf3 Nc5 17.g4 b5 18.Nd4 Qb6 19.Kh1 Nd7 20.f5 exf5 21.Nxf5 Rae8 22.e6 Bxf5
23.Rxf5 Nf6 24.Bxf6 Bxf6 25.Rxf6 gxf6 26.e7 Qd4 27.Re1 Rxe7 28.Qxe7 Qxg4
29.Qxf6 Qg6 30.Qxg6+ fxg6 31.Re6  1-0

[Event "ARG-ch"]
[Site "Buenos Aires"]
[Date "1994.??.??"]
[Round "9"]
[White "Bazan, Osvaldo"]
[Black "Dejeanne, Francisco"]
[Result "0-1"]
[WhiteElo "2305"]
[BlackElo "2210"]

1.Nf3 d5 2.g3 Nf6 3.Bg2 g6 4.O-O Bg7 5.d3 O-O 6.Nbd2 c6 7.e4 dxe4 8.dxe4 Qc7
9.a4 a5 10.Re1 Nbd7 11.Nc4 e5 12.Qd6 Ne8 13.Qxc7 Nxc7 14.Be3 f5 15.Nd6 fxe4
16.Ng5 Nd5 17.Nxc8 Nxe3 18.Ne7+ Kh8 19.fxe3 Rae8 20.Nxc6 bxc6 21.Nxe4 Nb6
22.b3 Nd5 23.g4 Rb8 24.Re2 Kg8 25.Rf1 Rxf1+ 26.Kxf1 Bf8 27.Ke1 Be7 28.g5 Rf8
29.c4 Nb4 30.Rd2 Rd8 31.Nf6+ Bxf6 32.gxf6 Rxd2 33.Kxd2 Kf7 34.Bf1 Kxf6 35.Bd3 Nxd3
36.Kxd3 c5 37.Ke4 Ke6 38.h4 h6 39.Kf3 Kf5 40.e4+ Ke6 41.Kg3 Ke7 42.Kg4 Kf6
43.Kf3 h5 44.Ke3 g5 45.hxg5+ Kxg5 46.Kf2 Kf4 47.b4 axb4 48.a5 b3 49.a6 b2
50.a7 b1=Q 51.a8=Q Qc2+ 52.Kg1 Qxc4 53.Qh8 Qxe4 54.Qxh5 Qe1+ 55.Kg2 Qg3+  0-1

[Event "ESP-chT"]
[Site "Cala Galdana"]
[Date "1994.??.??"]
[Round "6"]
[White "Blazquez Gomez, Juan Carlos"]
[Black "Toledano Llinares, Juan Antonio"]
[Result "0-1"]
[WhiteElo "2285"]
[BlackElo "2380"]

1.Nf3 d5 2.g3 c6 3.Bg2 Nf6 4.O-O Nbd7 5.d4 e6 6.Nbd2 b6 7.Re1 Bb7 8.c4 Be7
9.e4 dxe4 10.Ne5 Bb4 11.a3 Bxd2 12.Bxd2 h6 13.Bb4 c5 14.Nxd7 Nxd7 15.dxc5 Nxc5
16.Qg4 O-O 17.Rad1 Qc7 18.Rd2 f5 19.Qe2 Rfd8 20.Red1 Rxd2 21.Bxd2 Rd8 22.Bf4 Rxd1+
23.Qxd1 e5 24.Be3 Nd3 25.Bh3 Qf7 26.f3 f4 27.Bf2 fxg3 28.Bxg3 Qxc4 29.Bg2 Qd4+
30.Kf1 Ba6  0-1

[Event "ESP-chT"]
[Site "Cala Galdana"]
[Date "1994.??.??"]
[Round "8"]
[White "Pigusov, Evgeny"]
[Black "Campora, Daniel H"]
[Result "1/2-1/2"]
[WhiteElo "2570"]
[BlackElo "2535"]

1.Nf3 d5 2.g3 Bg4 3.Bg2 Nd7 4.c4 e6 5.d3 Ngf6 6.O-O Be7 7.b3 O-O 8.Bb2 c6
9.Nbd2 a5 10.a3 Re8  1/2-1/2

[Event "Calcutta op2"]
[Site "Calcutta"]
[Date "1994.??.??"]
[Round "?"]
[White "Hassan, Sayed Barakat"]
[Black "Neelakantan, Narayanan"]
[Result "1-0"]
[WhiteElo "2410"]
[BlackElo "2245"]

1.Nf3 d5 2.g3 c5 3.Bg2 Nc6 4.d4 Nf6 5.O-O e6 6.b3 Be7 7.dxc5 Bxc5 8.Bb2 O-O
9.Nbd2 Qe7 10.c4 d4 11.Ng5 e5 12.Nge4 Nxe4 13.Nxe4 Bb6 14.Qc1 f5 15.Ba3 Nb4
16.c5 fxe4 17.cxb6 a5 18.Bxe4 Bh3 19.Bg2 Rac8 20.Qd2 Bxg2 21.Kxg2 Qd6 22.Rac1 Qxb6
23.e3 Rc6 24.exd4 exd4 25.Bxb4 axb4 26.Rcd1 Rd8 27.Rfe1 d3 28.Qe3 Qb5 29.Rd2 Rc2
30.Qe6+ Kh8 31.Rxd3 Ra8 32.Rf3 h6 33.Qf7 Rcxa2 34.Re7 Rg8 35.Rf6 Qg5 36.Rg6 Qc1
37.Rxg7 Rxf2+ 38.Qxf2 Qc6+ 39.Kh3 Rxg7 40.Qf8+ Rg8 41.Qf5 Rg7 42.Re6 Qd7
43.Rxh6+ Kg8 44.Qxd7 Rxd7 45.Rb6  1-0

[Event "Calcutta op"]
[Site "Calcutta"]
[Date "1994.??.??"]
[Round "4"]
[White "Hickl, Joerg"]
[Black "Gokhale, Jayant Suresh"]
[Result "1-0"]
[WhiteElo "2535"]
[BlackElo "2200"]

1.g3 d5 2.Nf3 c5 3.Bg2 Nc6 4.c4 Nf6 5.O-O d4 6.d3 e5 7.Na3 Be7 8.Nc2 O-O
9.Rb1 Re8 10.a3 a5 11.Bg5 a4 12.e3 h6 13.Bxf6 Bxf6 14.exd4 cxd4 15.Nd2 Bf5
16.Qe2 Qd7 17.b4 axb3 18.Rxb3 Na5 19.Rb5 e4 20.Nxe4 Nxc4 21.Rxf5 Qxf5 22.dxc4 Red8
23.Qd3 Be7 24.Rb1 Ra7 25.Rb5 Qc8 26.Nd2 Bg5 27.Bd5 Bxd2 28.Qxd2  1-0

[Event "Calcutta op"]
[Site "Calcutta"]
[Date "1994.??.??"]
[Round "5"]
[White "Sareen, Vishal"]
[Black "Konguveel, Ponnuswamy"]
[Result "1/2-1/2"]
[WhiteElo "2280"]
[BlackElo "2355"]

1.g3 d5 2.Nf3 e6 3.Bg2 f5 4.O-O Nf6 5.d3 Bd6 6.Nc3 O-O 7.e4 fxe4 8.dxe4 Be7
9.e5 Ne8 10.h4 c5 11.Bf4 Nc6 12.Qd2 Nc7 13.a4  1/2-1/2

[Event "Calcutta op"]
[Site "Calcutta"]
[Date "1994.??.??"]
[Round "7"]
[White "Sharma, Lalgopal"]
[Black "Murugan, Krishnamoorthy"]
[Result "0-1"]
[WhiteElo "2260"]
[BlackElo "2410"]

1.Nf3 d5 2.g3 Nf6 3.Bg2 g6 4.d4 Bg7 5.c4 c6 6.O-O O-O 7.Nc3 dxc4 8.Ne5 Ne8
9.e3 Nd6 10.f4 Be6 11.e4 Qc8 12.Be3 Bh3 13.Qe2 Bxg2 14.Kxg2 b5 15.Bf2 Nd7
16.Nxd7 Qxd7 17.e5 Ne8 18.Rfd1 Nc7 19.Qf3 Nd5 20.Ne4 Nb4 21.Rd2 f5 22.exf6 exf6
23.Nc5 Qd5 24.a3 Qxf3+ 25.Kxf3 Nd5 26.Ne6 Rfe8 27.Nxg7 Kxg7 28.Re1 a5 29.Rc2 a4
30.Ree2 Kf7 31.Rc1 Rxe2 32.Kxe2 Re8+ 33.Kd2 h5 34.Rf1 Re4 35.Bg1 Ke6 36.f5+ gxf5
37.Rf3 f4 38.h3 f5 39.gxf4 Nxf4 40.Be3 Nd5 41.Bg1 f4 42.Rf1 Kf5 43.Bf2 f3  0-1